Állatbarát szállodák Az alapvető feltételek és elvárások Magyarországon

Bibliographic Details
Main Author: Lukács Beatrix Laura
Other Authors: Karakasné Dr. Morvay Klára
Format: Thesis
Kulcsszavak:állatbarát
állatbarát etikett
kritériumrendszer
Magyarország
szálloda
Online Access:http://dolgozattar.uni-bge.hu/59735

MARC

LEADER 00000nta a2200000 i 4500
001 dolg59735
005 20260409145508.0
008 260409suuuu hu om 000 hun d
040 |a BGE Dolgozattár Repozitórium  |b hun 
041 |a hu 
100 1 |a Lukács Beatrix Laura 
245 1 0 |a Állatbarát szállodák  |b Az alapvető feltételek és elvárások Magyarországon  |c Lukács Beatrix Laura  |h [elektronikus dokumentum] 
520 3 |a A dolgozat az állatbarát turizmus egyre növekvő szerepét vizsgálja Magyarországon, különös tekintettel az állatbarát szállodák alapvető feltételeire és a vendégek elvárásaira. Az állatbarát turizmus napjaink egyik fejlődő trendje, amely a modern társadalmi változásokra – a háziállatok családtagként való kezelésére – reagál. A kutatás során kérdőíves felmérést, szakértői interjút és két magyar szálloda összehasonlító elemzését végeztem. Az eredmények alapján elmondható, hogy a háziállattal utazók száma folyamatosan nő: szolgáltatásokat, kutyabarát környezetet, valamint tudatos és hiteles marketingkommunikációt várnak el. A dolgozat rávilágít arra, hogy az állatbarát turizmus nem csak egy ideiglenes irányzat, hanem hosszú távon is meghatározza a szállodaipar fejlődését, és versenyelőnyt jelenthet azoknak a szolgáltatóknak, akik képesek alkalmazkodni az új fogyasztói igényekhez. 
695 |a állatbarát 
695 |a állatbarát etikett 
695 |a kritériumrendszer 
695 |a Magyarország 
695 |a szálloda 
700 1 |a Karakasné Dr. Morvay Klára  |e ths 
856 4 0 |u http://dolgozattar.uni-bge.hu/59735/1/%C3%81llatbar%C3%A1t%20sz%C3%A1llod%C3%A1k%20Az%20alapvet%C5%91%20felt%C3%A9telek%20%C3%A9s%20elv%C3%A1r%C3%A1sok%20Magyarorsz%C3%A1gon.pdf  |z Dokumentum-elérés 
856 4 0 |u http://dolgozattar.uni-bge.hu/59735/2/Luk%C3%A1csBeatrix_BSc_konzulensi_KarakasneMK.pdf  |z Dokumentum-elérés 
856 4 0 |u http://dolgozattar.uni-bge.hu/59735/3/Luk%C3%A1cs_Beatrix_Laura_opponens_Magyar_M%C3%A1rton.pdf  |z Dokumentum-elérés